Toeic icon : L/C basic

The TOEIC ICON series is designed to help you cope with these new challenges. Beginning with the basic level (LC and RC), the TOEIC ICON series introduces basic vocabulary and grammar patterns and provides the users with extensive practice to acquire them.

Sparad:
Bibliografiska uppgifter
Materialtyp: Bok
Språk:Undetermined
Publicerad: Thành phố Hồ Chí Minh Tổng hợp Thành phố Hồ Chí Minh 2009
Ämnen:
Taggar: Lägg till en tagg
Inga taggar, Lägg till första taggen!
Thư viện lưu trữ: Trung tâm Học liệu Trường Đại học Cần Thơ
LEADER 00934nam a2200217Ia 4500
001 CTU_148000
008 210402s9999 xx 000 0 und d
020 |c 116000 
082 |a 428.0076 
082 |b T641 
245 0 |a Toeic icon : 
245 0 |b L/C basic 
260 |a Thành phố Hồ Chí Minh 
260 |b Tổng hợp Thành phố Hồ Chí Minh 
260 |c 2009 
520 |a The TOEIC ICON series is designed to help you cope with these new challenges. Beginning with the basic level (LC and RC), the TOEIC ICON series introduces basic vocabulary and grammar patterns and provides the users with extensive practice to acquire them. 
650 |a English language,English language,Ngôn ngữ Anh,Ngôn ngữ Anh 
904 |i Trọng Hải 
910 |a Sách kèm đĩa MP3: AVA.000396; AVA.000397; AVA.000398 
915 |a 400 
980 |a Trung tâm Học liệu Trường Đại học Cần Thơ